000 00291nam a22001337a 4500
008 221014b ||||| |||| 00| 0 eng d
041 _aeng
080 _a616.8
082 _a616.8
100 _a11.2
101 _aneuro
245 _aCEDARS SINAI NEUROSCIENCES
_cBLACK K
942 _2udc
_cBK
999 _c58560
_d58560